|
|
|
|
| LEADER |
02029nam a2200481 i 4500 |
| 001 |
EBC4509355 |
| 003 |
MiAaPQ |
| 005 |
20200917021826.0 |
| 006 |
m o d | |
| 007 |
cr cnu|||||||| |
| 008 |
160519t20162016enka ob 000 0 eng d |
| 020 |
|
|
|z 9781785609428
|
| 020 |
|
|
|a 9781785609411
|q (electronic bk.)
|
| 035 |
|
|
|a (MiAaPQ)EBC4509355
|
| 035 |
|
|
|a (Au-PeEL)EBL4509355
|
| 035 |
|
|
|a (CaPaEBR)ebr11207757
|
| 035 |
|
|
|a (CaONFJC)MIL903454
|
| 035 |
|
|
|a (OCoLC)950463452
|
| 040 |
|
|
|a MiAaPQ
|b eng
|e rda
|e pn
|c MiAaPQ
|d MiAaPQ
|
| 050 |
|
4 |
|a HD57.7
|b .L433 2016
|
| 082 |
0 |
|
|a 658.4092
|2 23
|
| 245 |
0 |
0 |
|a Leadership lessons from compelling contexts /
|c edited by Claudia Peus, Susanne Braun, Birgit Schyns.
|
| 250 |
|
|
|a First edition.
|
| 264 |
|
1 |
|a Bingley, England :
|b Emerald,
|c 2016.
|
| 264 |
|
4 |
|c 2016
|
| 300 |
|
|
|a 1 online resource (508 pages) :
|b illustrations.
|
| 336 |
|
|
|a text
|2 rdacontent
|
| 337 |
|
|
|a computer
|2 rdamedia
|
| 338 |
|
|
|a online resource
|2 rdacarrier
|
| 490 |
1 |
|
|a Monographs in Leadership and Management,
|x 1479-3571 ;
|v Volume 8
|
| 504 |
|
|
|a Includes bibliographical references.
|
| 588 |
|
|
|a Description based on online resource; title from PDF title page (ebrary, viewed May 18, 2016).
|
| 590 |
|
|
|a Electronic reproduction. Ann Arbor, MI : ProQuest, 2016. Available via World Wide Web. Access may be limited to ProQuest affiliated libraries.
|
| 650 |
|
0 |
|a Leadership.
|
| 650 |
|
0 |
|a Context effects (Psychology)
|
| 655 |
|
4 |
|a Electronic books.
|
| 700 |
1 |
|
|a Peus, Claudia,
|e editor.
|
| 700 |
1 |
|
|a Braun, Susanne,
|e editor.
|
| 700 |
1 |
|
|a Schyns, Birgit,
|e editor.
|
| 776 |
0 |
8 |
|i Print version:
|t Leadership lessons from compelling contexts.
|b First edition.
|d Bingley, England : Emerald, c2016
|h xv, 491 pages
|k Monographs in leadership and management ; Volume 8.
|z 9781785609428
|
| 797 |
2 |
|
|a ProQuest (Firm)
|
| 830 |
|
0 |
|a Monographs in leadership and management ;
|v Volume 8.
|
| 856 |
4 |
0 |
|u https://ebookcentral.proquest.com/lib/matrademy/detail.action?docID=4509355
|z Click to View
|